000 00433nam a2200193Ia 4500
003 OSt
005 20220928151005.0
006 a|||||r|||| 00| 0
007 ta
008 220927b |||||||| |||| 00| 0 eng d
024 _a103669
037 _cBound Volume
040 _aSDCL
_cSDCL
_beng
041 _2eng
_aeng
245 0 _aFinance & Development
260 _c0000
942 _cREF
_2CC
999 _c846962
_d846962